[Event "Salamanca Unamuno Cup"]
[Site "Salamanca"]
[Date "2021.12.04"]
[Round "2"]
[White "Sanchez Arevalo, Luis Ortiz"]
[Black "De Paz San Martin, Jose Angel"]
[Result "1-0"]
[WhiteElo "2030"]
[BlackElo "1702"]
[PlyCount "49"]
[EventDate "2021.12.03"]
[EventType "swiss"]
[EventRounds "9"]
[EventCountry "ESP"]
[SourceTitle "EXT 2023"]
[Source "ChessBase"]
[SourceDate "2022.10.05"]
[SourceVersion "1"]
[SourceVersionDate "2022.10.05"]
[SourceQuality "1"]

1. d4 d5 2. Nf3 Nf6 3. g3 c5 4. Bg2 Nc6 5. 0-0 e6 6. c4 dxc4 7. dxc5 Qxd1 8. Rxd1 Bxc5 9. Nfd2 Nd4 10. Nc3 Bb4 11. Kf1 Bd7 12. Nxc4 Bxc3 13. Nd6+ Ke7 14. bxc3 Kxd6 15. Bxb7 Rab8 16. Rxd4+ Kc7 17. Bf3 e5 18. Rc4+ Kd6 19. Ba3+ Ke6 20. Rd1 Rhc8 21. Rd6+ Kf5 22. g4+ Kg6 23. Rxc8 Rb1+ 24. Kg2 Bxc8 25. Be4+ 1-0

[Event "Barcelona Sants op 21st"]
[Site "Barcelona"]
[Date "2019.08.26"]
[Round "4"]
[White "Sanchez Arevalo, Luis Ortiz"]
[Black "Ballester Llagaria, Luis Eduardo"]
[Result "0-1"]
[WhiteElo "2010"]
[BlackElo "2312"]
[PlyCount "78"]
[EventDate "2019.08.23"]
[EventType "swiss"]
[EventRounds "10"]
[EventCountry "ESP"]
[SourceTitle "EXT 2020"]
[Source "ChessBase"]
[SourceDate "2019.10.17"]
[SourceVersion "1"]
[SourceVersionDate "2019.10.17"]
[SourceQuality "1"]

1. d4 d5 2. Bf4 Nf6 3. e3 c5 4. c3 Nc6 5. Nd2 e6 6. Ngf3 Bd6 7. Bg3 0-0 8. Bd3 b6 9. Ne5 Bb7 10. Ndf3 Ne7 11. Bh4 Ne4 12. Nd2 f6 13. Nec4 Bc7 14. Bxe4 dxe4 15. dxc5 bxc5 16. Nb3 Ba6 17. Qxd8 Rfxd8 18. Nbd2 Nf5 19. Bg3 Nxg3 20. hxg3 f5 21. 0-0-0 g6 22. Na3 Be2 23. Rde1 Bd3 24. Nb3 Bb6 25. Rd1 h5 26. Rd2 Kf7 27. Nc2 a5 28. a4 Rab8 29. Rhd1 e5 30. c4 Ke7 31. Na3 Rd7 32. Na1 Rbd8 33. N1c2 g5 34. Ne1 Bf1 35. Rxd7+ Rxd7 36. Rxd7+ Kxd7 37. b3 h4 38. gxh4 gxh4 39. Nb1 Bxg2 0-1

[Event "Barcelona Sants op 21st"]
[Site "Barcelona"]
[Date "2019.08.23"]
[Round "1"]
[White "Umetsubo, Cesar Hidemitsu"]
[Black "Sanchez Arevalo, Luis Ortiz"]
[Result "1-0"]
[WhiteElo "2396"]
[BlackElo "2010"]
[PlyCount "137"]
[EventDate "2019.08.23"]
[EventType "swiss"]
[EventRounds "10"]
[EventCountry "ESP"]
[SourceTitle "EXT 2020"]
[Source "ChessBase"]
[SourceDate "2019.10.17"]
[SourceVersion "1"]
[SourceVersionDate "2019.10.17"]
[SourceQuality "1"]

1. e4 c6 2. d4 d5 3. Nc3 dxe4 4. Nxe4 Bf5 5. Ng3 Bg6 6. Nf3 Nd7 7. h4 h6 8. Bd3 Bxd3 9. Qxd3 e6 10. Bd2 Ngf6 11. 0-0-0 Qc7 12. Ne4 Nxe4 13. Qxe4 Nf6 14. Qe2 Bd6 15. Kb1 0-0-0 16. c4 Kb8 17. h5 Ka8 18. Bc3 Qe7 19. b3 a6 20. Ne5 Nd7 21. Nxc6 bxc6 22. c5 Kb7 23. cxd6 Qxd6 24. d5 exd5 25. Bxg7 Rhg8 26. Bd4 Rxg2 27. Qf3 Rg5 28. Qxf7 Qf8 29. Qxf8 Rxf8 30. Be3 Rgf5 31. Rdg1 Nf6 32. Rg7+ Kb8 33. Rg6 Ne4 34. Rxc6 R8f6 35. Rhc1 Rxc6 36. Rxc6 Rf6 37. Rc1 Kb7 38. Rg1 Nxf2 39. Rg7+ Kc6 40. Bd4 Rf5 41. Rg6+ Kd7 42. Bxf2 Rxf2 43. Rxa6 Rh2 44. Rxh6 d4 45. Rg6 d3 46. Rg1 Kd6 47. Rd1 Rh3 48. Kb2 Kc5 49. Kc3 d2+ 50. Kc2 Kb4 51. Kb2 Rxh5 52. Rxd2 Rh3 53. Rg2 Rf3 54. a3+ Kc5 55. Rg5+ Kd4 56. a4 Rf2+ 57. Ka3 Rf1 58. Kb4 Rb1 59. Rg8 Kd5 60. Rc8 Kd6 61. a5 Kd7 62. Rc3 Rh1 63. Kb5 Rh5+ 64. Rc5 Rh3 65. b4 Kd6 66. a6 Ra3 67. Kb6 Ra4 68. Rc6+ Kd7 69. b5 1-0

[Event "San Sebastian op 42nd"]
[Site "San Sebastian"]
[Date "2019.04.19"]
[Round "8"]
[White "Sanchez Arevalo, Luis Ortiz"]
[Black "Pastor Alonso de Prado, Emilio Alberto"]
[Result "1-0"]
[WhiteElo "2020"]
[BlackElo "2090"]
[PlyCount "51"]
[EventDate "2019.04.13"]
[EventType "swiss"]
[EventRounds "9"]
[EventCountry "ESP"]
[SourceTitle "CBM 189 Extra"]
[Source "ChessBase"]
[SourceDate "2019.05.31"]
[SourceVersion "1"]
[SourceVersionDate "2019.05.31"]
[SourceQuality "1"]

1. c4 e6 2. g3 d5 3. Nf3 Nf6 4. Bg2 Be7 5. 0-0 0-0 6. cxd5 exd5 7. d4 c6 8. Nc3 Bf5 9. Nh4 Bg4 10. h3 Bc8 11. Qd3 g6 12. Bh6 Re8 13. Bg5 Nbd7 14. f4 Nh5 15. Bxe7 Qxe7 16. Kh2 Ndf6 17. f5 Kg7 18. fxg6 hxg6 19. Rf2 Ne4 20. Nxe4 dxe4 21. Qe3 f5 22. Raf1 f4 23. Rxf4 Nxf4 24. Rxf4 Bd7 25. Bxe4 Qe6 26. Rg4 1-0

[Event "Benidorm op U2300 17th"]
[Site "Benidorm"]
[Date "2018.12.02"]
[Round "3"]
[White "Carbonell Sancho, Marc"]
[Black "Sanchez Arevalo, Luis Ortiz"]
[Result "1-0"]
[WhiteElo "2146"]
[BlackElo "1976"]
[PlyCount "81"]
[EventDate "2018.11.30"]
[EventType "swiss"]
[EventRounds "10"]
[EventCountry "ESP"]
[SourceTitle "EXT 2022"]
[Source "ChessBase"]
[SourceDate "2021.10.06"]
[SourceVersion "1"]
[SourceVersionDate "2021.10.06"]
[SourceQuality "1"]

1. e4 c6 2. d4 d5 3. Nc3 dxe4 4. Nxe4 Bf5 5. Ng3 Bg6 6. h4 h6 7. Nf3 Nd7 8. h5 Bh7 9. Bd3 Bxd3 10. Qxd3 e6 11. Bf4 Qa5+ 12. Bd2 Bb4 13. c3 Be7 14. c4 Qc7 15. 0-0-0 Ngf6 16. Ne4 Nxe4 17. Qxe4 Nf6 18. Qe2 b5 19. c5 Nd5 20. g4 Bf6 21. Rhg1 0-0-0 22. Kb1 Rd7 23. Qe4 Kb7 24. Be3 a5 25. Nd2 a4 26. Qf3 a3 27. Ne4 axb2 28. Qe2 Ra8 29. Qxb2 Ra4 30. Rd3 Rb4 31. Rb3 Rxb3 32. axb3 Qh2 33. Rc1 Nxe3 34. fxe3 Qxb2+ 35. Kxb2 Bg5 36. Re1 Kc7 37. Kc3 Kd8 38. Ra1 Bxe3 39. Nd6 Bf4 40. Ra8+ Kc7 41. Rc8# 1-0